000 00326nam a2200133Ia 4500
008 100328s9999 xx 000 0 und d
082 _b37075
100 _aGupta Rup Ram
245 _aElements Of Income Tax
260 _bAgra Book
630 _aElements Of Income Tax
730 _aElements Of Income Tax
942 _cBOOK
999 _c526603
_d526600